| 000 | 02580am aa2200397i 44500 | ||
|---|---|---|---|
| 003 | PE-LiUPU | ||
| 005 | 20251024090629.0 | ||
| 008 | 2211s2022 pe#a rb 001 0 spa d | ||
| 020 | _a9786124755590 | ||
| 035 | _aPE-LiUPU000033 | ||
| 040 |
_aPE-LiUPU _bspa _cPE-LiUPU _erda |
||
| 082 | 0 | 4 |
_a720.92 _bP324 _223 |
| 245 | 1 | 0 |
_aPaul Linder, 1897–1968 : _bde Weimar a Lima : antología de arquitectura y crítica / _ceditado por Joaquín Medina Warmburg. |
| 250 | _aSegunda edición. | ||
| 264 | 1 |
_aLima : _bPontificia Universidad Católica del Perú, Facultad de Arquitectura y Urbanismo ; _bFondo Editorial PUCP, _c2022. |
|
| 300 |
_a427 páginas : _bilustraciones, planos, retratos ; _c27 cm. |
||
| 336 |
_atexto _btxt _2rdacontent |
||
| 337 |
_asin mediación _bn _2rdamedia |
||
| 338 |
_avolumen _bnc _2rdacarrier |
||
| 500 | _aPrimera edición publicada en 2019; segunda edición revisada en noviembre de 2022. | ||
| 500 | _aIncluye biografía, bibliografía seleccionada y semblanzas de Paul Linder. | ||
| 504 | _aIncluye referencias bibliográficas. | ||
| 505 | 0 | _aPresentación -- Prólogo -- Introducción: Paul Linder y las esencias viajeras de la modernidad -- I. Ensayos -- II. Arquitectura -- III. Crítica -- IV. Documentos y semblanzas -- Anexos: biografía, bibliografía seleccionada y autores. | |
| 520 | _aObra conmemorativa dedicada al arquitecto alemán Paul Linder (1897–1968), quien desarrolló una destacada labor en el Perú desde 1938. Reúne ensayos, proyectos, textos críticos y documentos que ilustran su trayectoria desde la Bauhaus de Weimar hasta su contribución en la arquitectura moderna peruana. Incluye estudios sobre su obra arquitectónica, sus vínculos con el movimiento moderno y su influencia en la docencia y crítica arquitectónica en el país. | ||
| 546 | _aTexto en español. | ||
| 600 | 0 |
_aLinder, Paul, _d1897-1968 _xCrítica e interpretación. _97297 |
|
| 650 | 2 | 4 |
_aArquitectos alemanes _xPerú _97298 _vBiografías. |
| 650 | 2 | 4 |
_aArquitectura moderna, _xHistoria _97299 _ySiglo XX. |
| 700 |
_aMedina Warmburg, Joaquín, _eeditor. _93372 |
||
| 710 |
_aPontificia Universidad Católica del Perú. _bFacultad de Arquitectura y Urbanismo. _9534 |
||
| 710 |
_aFondo Editorial de la Pontificia Universidad Católica del Perú, _eeditor. _97281 |
||
| 856 | 4 | 0 |
_uhttps://arquitectura.pucp.edu.pe/publicaciones _zSitio web de Arquitectura PUCP. |
| 942 |
_2ddc _cBK |
||
| 980 |
_818226 _gJaime Vilcazán Jefe de Análisis Documental |
||
| 999 |
_c62150 _d62149 |
||